| 000 | 00667cam a2200229ua 4500 | ||
|---|---|---|---|
| 001 | 948 | ||
| 005 | 20260515113241.0 | ||
| 008 | 190503n ii |||gr||||Z||||||eng | ||
| 020 | _a81-8370-057-8 | ||
| 040 | _cMAIN | ||
| 082 | _a324.954162 | ||
| 245 |
_aElection politics in Assam. : _bIssues, trends and people`s mandate. / _cBy Abu Nasar Saied Ahmed. |
||
| 250 | _a1st. | ||
| 260 |
_aNew Delhi.: _bAkansha publishing house., _c2006. |
||
| 300 |
_axxii, 400 p.: _c20 cm. |
||
| 653 | _aPolitical science. | ||
| 653 | _aElection politics in Assam. | ||
| 700 | _aAhmed, Abu Nasar Saied., | ||
| 700 | _aBaruah, Joydeep., | ||
| 700 | _aBhuyan, Ratna., | ||
| 942 | _cBK | ||
| 999 |
_c871 _d871 |
||